Distancia de rescate / (Registro nro. 30291)
[ vista simple ]
| 000 -LÍDER | |
|---|---|
| campo de control de longitud fija | 01485nam a22002417a 4500 |
| 003 - IDENTIFICADOR DE NÚMERO DE CONTROL | |
| campo de control | OSt |
| 005 - FECHA Y HORA DE LA ÚLTIMA | |
| campo de control | 20240214211102.0 |
| 008 - ELEMENTOS DE DATOS DE LONGITUD FIJA - INFORMACIÓN GENERAL | |
| campo de control de longitud fija | 231026b |||||||| |||| 00| 0 eng d |
| 020 ## - NÚMERO INTERNACIONAL NORMALIZADO DEL LIBRO | |
| Número de libro estándar internacional | 9789588894614 |
| 037 ## - FUENTE DE ADQUISICIÓN | |
| Materials specified | Donación |
| 040 ## - FUENTE DE CATALOGACIÓN | |
| Agencia de catalogación original | CO -JMCR |
| Agencia de transcripción | CO-JMCR |
| Agencia modificadora | CO-JMCR |
| Convenciones de descripción | rda |
| 041 ## - CÓDIGO DE IDIOMA | |
| Código de idioma del texto/pista de sonido o título independiente | spa |
| 082 ## - NÚMERO DE CLASIFICACIÓN DECIMAL DEWEY | |
| Número de clasificación | A-N |
| Número de artículo | SCHd |
| 100 ## - ENTRADA PRINCIPAL - NOMBRE PERSONAL | |
| Nombre personal | Schweblin, Samanta |
| Término relativo | autor |
| 9 (RLIN) | 43399 |
| 245 ## - DECLARACIÓN DEL TÍTULO | |
| Título | Distancia de rescate / |
| Declaración de responsabilidad, etc. | Samanta Schweblin |
| 260 ## - PUBLICACIÓN, DISTRIBUCIÓN, ETC. | |
| Lugar de publicación, distribución, etc. | Bogotá: |
| Nombre del editor, distribuidor, etc. | Penguin Random house, |
| Fecha de publicación, distribución, etc. | 2015 |
| 300 ## - DESCRIPCIÓN FÍSICA | |
| Medida | 124 páginas; |
| Dimensiones | 23 cm. |
| 520 ## - RESUMEN, ETC. | |
| Resumen, etc | El campo ha cambiado frente a nuestros ojos sin que nadie se diera cuenta. Y quizá no se trate solo de sequías y herbicidas, quizá se trate del hilo vital y filoso que nos ata a nuestros hijos, y del veneno que echamos sobre ellos. Nada es un cliché cuando finalmente sucede.<br/><br/>Distancia de rescate sigue esta vertiginosa fatalidad haciéndose siempre las mismas preguntas: ¿Hay acaso algún apocalipsis que no sea personal? ¿Cuál es el punto exacto en el que, sin saberlo, se da el paso en falso que, ahora sí, nos condena?<br/><br/>Samanta Schweblin ha escrito un relato extraordinario e hipnótico, urgente y perdurable, que logra mantenernos inevitablemente atrapados y sumergirnos en un universo de ficción estremecedor. |
| 586 ## - NOTA DE PREMIOS | |
| Nota de premios | PREMIO IBEROAMERICANO DE LETRAS JOSÉ DONOSO 2022 // PREMIO TIGRE JUAN //PREMIO OJO CRÍTICO |
| 650 ## - ENTRADA AÑADIDA DE ASUNTO - TÉRMINO TEMÁTICO | |
| Fuente del encabezado o término | JMCR |
| -- | Territorios |
| Subdivisión de formulario | Novela |
| 9 (RLIN) | 43400 |
| 650 ## - ENTRADA AÑADIDA DE ASUNTO - TÉRMINO TEMÁTICO | |
| Fuente del encabezado o término | JMCR |
| -- | Novela comtemporanea |
| 9 (RLIN) | 43401 |
| 942 ## - ELEMENTOS DE ENTRADA AÑADIDOS (KOHA) | |
| Source of classification or shelving scheme | Dewey Decimal Classification |
| Tipo de artículo Koha | Books |
| 999 ## - | |
| -- | 30291 |
| -- | 16675 |
| Estado retirado |
|---|